[Event "Match"]
[Site "www.echecsemail.com"]
[Date "2018.05.19"]
[Round "1"]
[White "Cal"]
[Black "Juheset"]
[WhiteElo "1660"]
[BlackElo "1809"]
[Result "0-1"]
[Round "1"]
1.c4 g6
2.Nb1c3 Bf8g7
3.d4 b6
4.e4 e6
5.h3 Bc8b7
6.Ng1f3 d5
7.a3 dxe4
8.Nf3e5 Nb8d7
9.f4 Ng8f6
10.Bc1e3 Nd7xe5
11.fxe5 Nf6h5
12.Bf1e2 Nh5g3
13.Rh1f1 Ng3xf1
14.Be2xf1 Qd8h4
15.Be3f2 Qh4d8
16.Qd1e2 f6
17.d5 exd5
18.cxd5 fxe5
19.Qe2xe4 O-O
20.b4 Qd8f6
21.Ra1a2 Ra8d8
22.Bf1b5 a6
23.Bb5a4 b5
24.Ba4b3 Kh8
25.Ra2e2 c6
26.Bf2c5 Rf8e8
27.dxc6 Bb7xc6
28.Bb3d5 Bc6xd5
29.Nc3xd5 Qf6f7
30.Nd5c3 Qf7b3
31.Kf2 Qb3xc3
32.Re2e3 Qc3b2
33.Kg3 Rd8d2
34.Qe4c6 Re8d8
35.Bc5e7 Rd8g8
36.Be7f6 Bg7xf6
37.Qc6xf6 Rg8g7
38.Re3xe5 Rd2xg2
39.Kh4 Qb2d4
{ resign }
0-1

[Event "Match"]
[Site "www.echecsemail.com"]
[Date "2018.05.19"]
[Round "1"]
[White "Biggles"]
[Black "Chapi"]
[WhiteElo "2140"]
[BlackElo "2110"]
[Result "0-1"]
[Round "1"]
1.e4 e5
2.Ng1f3 Nb8c6
3.Bf1b5 Qd8f6
4.O-O b6
5.Nb1c3 Bc8b7
6.d3 Bf8c5
7.Nc3d5 Qf6d6
8.Bc1g5 f6
9.Bg5e3 Ng8e7
10.Be3xc5 bxc5
11.Bb5c4 Nc6a5
12.c3 Ne7xd5
13.Bc4xd5 Bb7xd5
14.exd5 Qd6xd5
15.Qd1a4 Na5c6
16.Ra1d1 O-O
17.b3 Qd5e6
18.Rf1e1 Nc6e7
19.d4 cxd4
20.cxd4 e4
21.Nf3d2 d5
22.Nd2f1 Ne7f5
23.Nf1e3 Nf5h4
24.Qa4b5 c6
25.Qb5e2 f5
26.Qe2h5 Nh4g6
27.g3 Rf8f6
28.Ne3g2 Ng6e7
29.Ng2f4 Qe6f7
30.Qh5e2 Rf6h6
31.f3 Ne7g6
32.Nf4g2 Ng6e7
33.fxe4 fxe4
34.Re1f1 Rh6f6
35.Rf1f4 Ne7f5
36.Rd1f1 Nf5xd4
37.Qe2g4 Nd4f3
38.Kh1 Qf7g6
39.Qg4d7 Qg6h6
40.Ng2h4 Rf6xf4
41.gxf4 Qh6xh4
42.h3 Qh4xf4
43.Rf1xf3 Qf4xf3
44.Kh2 Ra8f8
{ resign }
0-1

[Event "Tourn. n9802"]
[Site "www.echecsemail.com"]
[Date "2018.05.19"]
[Round "1"]
[White "Tonino1"]
[Black "Fabos12"]
[WhiteElo "1950"]
[BlackElo "1870"]
[Result "1-0"]
[Round "1"]
1.d4 e6
2.f4 d5
3.e3 Bf8d6
4.Bf1d3 Ng8f6
5.Ng1f3 c6
6.Nb1d2 Bc8d7
7.O-O Qd8c7
8.Qd1e2 b6
9.c3 c5
10.Nf3e5 Bd6xe5
11.fxe5 Nf6g8
12.Qe2g4 g6
13.Qg4f4 Nb8c6
14.Qf4xf7 Kd8
15.Qf7g7 Nc6e7
16.Rf1f8 { resign }
1-0

[Event "Tourn. n9826"]
[Site "www.echecsemail.com"]
[Date "2018.05.19"]
[Round "1"]
[White "Cristiano"]
[Black "Paes19"]
[WhiteElo "1820"]
[BlackElo "1929"]
[Result "1/2-1/2"]
[Round "1"]
1.e4 e6
2.d4 d5
3.Nb1d2 h6
4.Ng1f3 a6
5.Bf1d3 Nb8c6
6.c3 dxe4
7.Nd2xe4 Bf8d6
8.O-O Ng8f6
9.Ne4g3 b5
10.Rf1e1 O-O
11.Nf3e5 Bc8b7
12.Ne5xc6 Bb7xc6
13.Ng3e4 Nf6d5
14.Ne4xd6 Qd8xd6
15.Qd1g4 Nd5f6
16.Qg4e2 Qd6d5
17.f3 Ra8d8
18.Bc1f4 Rd8d7
19.Bf4e5 Bc6a8
20.Be5xf6 gxf6
21.Qe2f2 Qd5g5
22.Bd3e4 f5
23.Be4xa8 Rf8xa8
24.h4 Qg5g6
25.Kh2 Kh7
26.Re1e2 Ra8g8
27.Ra1g1 Qg6h5
28.g3 Rd7d8
29.Rg1g2 Rg8e8
30.g4 Qh5g6
31.g5 f6
32.gxf6 Qg6xf6
33.f4 Re8g8
34.Qf2e1 Rg8xg2
35.Re2xg2 Rd8g8
36.Rg2xg8 Kxg8
37.Qe1g3 Kf7
38.h5 a5
39.Kh3 a4
40.a3 Kf8
41.Qg3g2 Qf6g7
42.Qg2g3 Qg7xg3
43.Kxg3 Ke7
44.Kf3 Kd6
45.Ke2 Kd5
46.Kd3 Kd6
{ draw }
1/2-1/2

[Event "Fast Game"]
[Site "www.echecsemail.com"]
[Date "2018.05.19"]
[Round "1"]
[White "Stevep84"]
[Black "Fegatux"]
[WhiteElo "2020"]
[BlackElo "2080"]
[Result "1-0"]
[Round "1"]
1.e4 e5
2.Ng1f3 Nb8c6
3.Bf1b5 Ng8f6
4.O-O Nf6xe4
5.d4 Ne4d6
6.Bb5xc6 dxc6
7.dxe5 Nd6f5
8.Qd1xd8 Kxd8
9.Nb1c3 Ke8
10.h3 Bf8e7
11.Bc1g5 Be7xg5
12.Nf3xg5 h6
13.Ng5e4 b6
14.Ra1d1 Ke7
15.g4 Nf5h4
16.f4 Nh4g6
17.Kg2 h5
18.Kg3 hxg4
19.hxg4 Bc8a6
20.Rf1e1 Ra8d8
21.Ne4g5 Rd8xd1
22.Re1xd1 Ba6c8
23.Rd1e1 Bc8xg4
24.Kxg4 Rh8h4
25.Kg3 Rh4xf4
26.e6 f6
27.Ng5f7 Rf4f5
28.Nc3e2 Rf5d5
29.Ne2f4 Ng6xf4
30.Kxf4 g5
31.Kf3 Rd5f5
32.Kg3 c5
33.Re1e2 Rf5f4
34.Nf7h8 Rf4d4
35.Nh8g6 Kd8
36.e7 Ke8
37.Re2e6 Rd4d6
38.Re6xd6 cxd6
39.Kg4 Kf7
40.c4 b5
41.cxb5 d5
42.a4 d4
43.a5 d3
44.Kf3 g4
45.Ke3 g3
46.Ng6f4 g2
47.Nf4xg2 Kxe7
48.Kxd3 Kd7
49.Kc4 Kd6
50.Ng2f4 { resign }
1-0

[Event "Tourn. n9735"]
[Site "www.chess-mail.com"]
[Date "2018.05.20"]
[Round "1"]
[White "Passaroa25"]
[Black "Falcoale"]
[WhiteElo "1660"]
[BlackElo "1880"]
[Result "1/2-1/2"]
[Round "1"]
1.Ng1f3 Ng8f6
2.d4 e6
3.Nb1c3 b6
4.e4 Bc8b7
5.Bf1e2 Nf6xe4
6.Bc1e3 Ne4xc3
7.bxc3 d5
8.Nf3e5 Nb8d7
9.Be3f4 f6
10.Ne5d3 c5
11.O-O Bf8e7
12.f3 O-O
13.Nd3b2 e5
14.Bf4g3 Be7d6
15.Nb2d3 cxd4
16.cxd4 Rf8e8
17.c3 Qd8e7
18.a3 Ra8c8
19.dxe5 Nd7xe5
20.Qd1d2 Ne5c4
21.Qd2c2 Bd6xg3
22.hxg3 Nc4e3
23.Qc2a4 Ne3xf1
24.Be2xf1 Rc8xc3
25.Qa4xa7 Rc3c6
26.Nd3b4 Re8a8
27.Nb4xc6 Qe7c7
28.Nc6e7 Qc7xe7
29.Qa7xb6 Ra8e8
30.g4 Bb7c8
31.a4 Bc8e6
32.Qb6f2 Qe7b4
33.Bf1b5 Be6f7
34.Bb5xe8 Bf7xe8
35.a5 Qb4c3
36.Ra1a2 Qc3c1
37.Kh2 Qc1h6
38.Kg1 Qh6c1
39.Qf2f1 Qc1e3
40.Qf1f2 Qe3c1
41.Kh2 
1/2-1/2

[Event "Tourn. n9778"]
[Site "www.chess-mail.com"]
[Date "2018.05.20"]
[Round "1"]
[White "Cal"]
[Black "Jjmcbride"]
[WhiteElo "1640"]
[BlackElo "1720"]
[Result "1-0"]
[Round "1"]
1.c4 e5
2.e4 c5
3.Ng1f3 Bf8d6
4.Nb1c3 Ng8h6
5.h3 a6
6.d3 Nh6g8
7.Bf1e2 h6
8.O-O Ng8f6
9.a3 Nb8c6
10.b3 Bd6c7
11.Nf3h4 d6
12.f4 g5
13.fxg5 Nf6g8
14.Nc3d5 hxg5
15.Nh4f3 f6
16.Nd5e3 Ng8h6
17.Nf3h2 Bc8e6
18.Be2h5 Be6f7
19.Bh5xf7 Nh6xf7
20.Nh2g4 Qd8e7
21.Ne3f5 Qe7f8
{ time. }
1-0

[Event "Tourn. n9768"]
[Site "www.chess-mail.com"]
[Date "2018.05.20"]
[Round "1"]
[White "Rons"]
[Black "Aperturaf"]
[WhiteElo "2650"]
[BlackElo "2700"]
[Result "1/2-1/2"]
[Round "1"]
1.e4 e6
2.d4 d5
3.Nb1c3 Ng8f6
4.Bc1g5 dxe4
5.Nc3xe4 Nb8d7
6.Ng1f3 h6
7.Ne4xf6 Nd7xf6
8.Bg5h4 c5
9.Bf1c4 cxd4
10.O-O Bf8e7
11.Qd1e2 O-O
12.Ra1d1 Qd8b6
13.Nf3xd4 Qb6xb2
14.Nd4f5 exf5
15.Qe2xe7 Bc8e6
16.Bc4xe6 fxe6
17.Qe7xe6 Kh8
18.Qe6xf5 Qb2xa2
19.Rd1d6 Nf6g8
20.Qf5e4 Rf8f7
21.Rd6d4 Ra8f8
22.Qe4d3 b6
23.Rf1c1 Ng8e7
24.Rd4e4 Ne7f5
25.Bh4d8 Rf7b7
26.c4 Qa2a4
27.Rc1d1 Rf8f7
28.c5 Qa4c6
29.Re4e5 bxc5
30.Re5xf5 c4
31.Qd3f3 Qc6xf3
32.Rf5xf3 Rb7d7
33.Rd1xd7 Rf7xd7
34.Rf3f8 Kh7
35.Kf1 c3
36.Ke2 c2
37.Bd8g5 hxg5
38.Rf8c8 a5
39.Rc8xc2 a4
{ draw }
1/2-1/2

[Event "Tourn. n9757"]
[Site "www.chess-mail.com"]
[Date "2018.05.20"]
[Round "1"]
[White "Theos666"]
[Black "Reda"]
[WhiteElo "1420"]
[BlackElo "1840"]
[Result "0-1"]
[Round "1"]
1.c4 d5
2.cxd5 Qd8xd5
3.Nb1c3 Qd5a5
4.Ng1f3 Bc8f5
5.g3 e6
6.e4 Bf5g4
7.h3 Bg4xf3
8.Qd1xf3 Nb8c6
9.h4 Nc6d4
10.Qf3d3 O-O-O
11.Kd1 Qa5h5
12.Bf1e2 Nd4xe2
13.Qd3xe2 Qh5xe2
14.Kxe2 Bf8b4
15.a3 Bb4c5
16.d3 e5
17.Rh1d1 Ng8f6
18.Nc3b5 a6
19.Nb5c3 Nf6g4
20.f3 Ng4f6
21.b4 Bc5d4
22.Bc1d2 Nf6h5
23.Ra1b1 Nh5xg3
24.Ke1 Bd4b6
25.Nc3d5 Bb6d4
26.Rd1c1 c6
27.Rc1c4 Kd7
28.a4 cxd5
29.b5 axb5
30.Rb1xb5 dxc4
31.Rb5xb7 Ke6
32.dxc4 Rd8c8
33.f4 Ng3xe4
{ resign }
0-1

[Event "Tourn. n9820"]
[Site "www.echecsemail.com"]
[Date "2018.05.20"]
[Round "1"]
[White "Rons"]
[Black "Bronstein70"]
[WhiteElo "2650"]
[BlackElo "2490"]
[Result "1-0"]
[Round "1"]
1.e4 e5
2.Ng1f3 Ng8f6
3.Nf3xe5 d6
4.Ne5f3 Nf6xe4
5.d4 Ne4f6
6.Bf1d3 Bf8e7
7.h3 h6
8.c4  { time }
1-0

[Event "Match"]
[Site "www.echecsemail.com"]
[Date "2018.05.20"]
[Round "1"]
[White "Ztornad"]
[Black "Ditto"]
[WhiteElo "1660"]
[BlackElo "1760"]
[Result "0-1"]
[Round "1"]
1.Ng1f3 d5
2.d4 Nb8c6
3.Bc1d2 Bc8f5
4.c3 e6
5.Bd2g5 Bf8e7
6.Bg5f4 Ng8f6
7.Nb1d2 O-O
8.Nf3h4 Bf5g4
9.h3 Bg4h5
10.g4 Bh5g6
11.Bf1g2 Nf6e4
12.Nd2xe4 dxe4
13.e3 { time. }
0-1

[Event "Tourn. n9811"]
[Site "www.echecsemail.com"]
[Date "2018.05.20"]
[Round "1"]
[White "Andychesston"]
[Black "Ermejo69"]
[WhiteElo "2110"]
[BlackElo "2039"]
[Result "0-1"]
[Round "1"]
1.e4 e6
2.d4 d5
3.exd5 exd5
4.Ng1f3 Bf8d6
5.Nb1c3 c6
6.Bf1e2 Ng8f6
7.Bc1g5 Bc8g4
8.Qd1d3 O-O
9.O-O-O Nb8d7
10.h3 Bg4e6
11.Nf3e5 Nd7xe5
12.dxe5 Bd6xe5
13.f4 Be5d6
14.f5 Be6d7
15.g4 h6
16.Bg5h4 b5
17.Kb1 Rf8e8
18.g5 hxg5
19.Bh4xg5 b4
20.Nc3xd5 cxd5
21.Be2f3 Bd6e7
22.Bg5xf6 Be7xf6
23.Bf3xd5 Ra8c8
24.Qd3b3 Re8e7
25.Rh1h2 Qd8c7
26.Rh2d2 Bd7xf5
27.Ka1 Bf5xc2
28.Bd5xf7 Re7xf7
29.Rd2xc2 Qc7xc2
{ resign }
0-1

[Event "Tourn. n9826"]
[Site "www.echecsemail.com"]
[Date "2018.05.20"]
[Round "1"]
[White "Lucid1963"]
[Black "Libiesse"]
[WhiteElo "1969"]
[BlackElo "1920"]
[Result "1/2-1/2"]
[Round "1"]
1.e4 c5
2.Nb1c3 e6
3.f4 Nb8c6
4.Ng1f3 d5
5.Bf1b5 d4
6.Bb5xc6 bxc6
7.Nc3e2 Qd8b6
{ draw }
1/2-1/2

[Event "Match"]
[Site "www.echecsemail.com"]
[Date "2018.05.20"]
[Round "1"]
[White "Juheset"]
[Black "Liencam2"]
[WhiteElo "1809"]
[BlackElo "2300"]
[Result "0-1"]
[Round "1"]
1.e3 d5
2.c4 e6
3.Nb1c3 c6
4.cxd5 exd5
5.Bf1e2 Ng8f6
6.d4 Bf8d6
7.Ng1f3 h6
8.h3 Bc8e6
9.Qd1c2 Nb8d7
10.Be2d3 Qd8c7
11.a3 Ra8c8
12.b4 b6
13.e4 dxe4
14.Nc3xe4 Bd6e7
15.Ne4xf6 Nd7xf6
16.O-O O-O
17.Nf3e5 Be7d6
18.Rf1e1 c5
19.Qc2b2 cxd4
20.Qb2xd4 Rf8d8
21.Bd3f1 Nf6d7
22.Ne5xd7 Rd8xd7
23.Qd4e3 Rd7e7
24.Qe3d4 Rc8d8
25.Bc1b2 Bd6h2
26.Kh1 Rd8xd4
27.Bb2xd4 Bh2f4
28.Bf1d3 Re7d7
{ resign }
0-1

[Event "Match"]
[Site "www.echecsemail.com"]
[Date "2018.05.20"]
[Round "1"]
[White "Juheset"]
[Black "Gimmyg"]
[WhiteElo "1809"]
[BlackElo "2510"]
[Result "0-1"]
[Round "1"]
1.Ng1f3 c5
2.e3 b6
3.b3 Nb8c6
4.Bc1b2 Ng8f6
5.Nf3e5 Bc8b7
6.Ne5xc6 Bb7xc6
7.d4 e6
8.dxc5 Bf8xc5
9.Bb2d4 O-O
10.Bd4xc5 bxc5
11.f3 d5
12.a4 d4
13.e4 Nf6h5
14.g3 f5
15.e5 f4
16.g4 Qd8h4
17.Kd2 Qh4f2
18.Qd1e2 Qf2e3
19.Ke1 Qe3c1
20.Qe2d1 Qc1xd1
21.Kxd1 Bc6xf3
{ resign }
0-1

[Event "Tourn. n9802"]
[Site "www.echecsemail.com"]
[Date "2018.05.20"]
[Round "1"]
[White "Malbertan"]
[Black "Tonino1"]
[WhiteElo "2000"]
[BlackElo "1950"]
[Result "1-0"]
[Round "1"]
1.e4 d6
2.d4 Ng8f6
3.Nb1c3 c6
4.f4 Qd8c7
5.Ng1f3 g6
6.Bf1d3 Bf8g7
7.O-O O-O
8.e5 dxe5
9.fxe5 Nf6d5
10.Nf3g5 Nd5xc3
11.bxc3 b6
12.Qd1e2 h6
13.Ng5e4 Bc8e6
14.Qe2f2 Nb8d7
15.Qf2h4 h5
16.Ne4g3 c5
17.Ng3xh5 gxh5
18.Qh4xh5 f5
19.Qh5g6 Qc7c6
20.Bd3xf5 Be6d5
21.Qg6h7 Kf7
22.Bf5xd7  { time }
1-0

[Event "1/64 Finale"]
[Site "www.chess-mail.com"]
[Date "2018.05.20"]
[Round "1"]
[White "Vasylpuzanov"]
[Black "Piriot"]
[WhiteElo "1410"]
[BlackElo "2440"]
[Result "0-1"]
[Round "1"]
1.d4 d6
2.e4 g6
3.f4 Bf8g7
4.Ng1f3 Bc8g4
5.Bf1e2 e6
6.O-O Nb8d7
7.Bc1e3 Ng8e7
8.Nb1d2 c6
 { time }
0-1

[Event "Tourn. n9711"]
[Site "www.chess-mail.com"]
[Date "2018.05.21"]
[Round "1"]
[White "Szustan"]
[Black "Greghghs"]
[WhiteElo "2600"]
[BlackElo "2630"]
[Result "1-0"]
[Round "1"]
1.e4 c6
2.d4 d5
3.Nb1c3 dxe4
4.Nc3xe4 Bc8f5
5.Ne4g3 Bf5g6
6.h4 h6
7.Ng1f3 Nb8d7
8.h5 Bg6h7
9.Bf1d3 Bh7xd3
10.Qd1xd3 e6
11.Bc1f4 Qd8a5
12.Bf4d2 Bf8b4
13.c3 Bb4e7
14.O-O Ng8f6
15.c4 Qa5c7
16.Ra1d1 O-O-O
17.Bd2c3 Be7d6
18.Ng3e4 Nf6xe4
19.Qd3xe4 Nd7f6
20.Qe4h4 Bd6e7
21.Qh4h3 Kb8
22.Rf1e1 Ka8
23.Nf3e5 Rh8f8
24.b4 Nf6d7
25.d5 cxd5
26.cxd5 exd5
27.Ne5g6 fxg6
28.Re1xe7 Qc7d6
29.Qh3e6 Qd6xe6
30.Re7xe6 gxh5
31.Bc3xg7 Rf8f7
32.Bg7xh6 Nd7b6
33.Re6e5 Rf7d7
34.Rd1d4 Nb6c4
35.Re5xh5 b6
36.f4 Kb7
37.Kf2 Kc6
38.g4 Nc4d6
39.Kf3 { resign }
1-0

[Event "Tourn. n9797"]
[Site "www.chess-mail.com"]
[Date "2018.05.21"]
[Round "1"]
[White "Julian"]
[Black "Reda"]
[WhiteElo "1870"]
[BlackElo "1810"]
[Result "1-0"]
[Round "1"]
1.e4 e5
2.Ng1f3 Nb8c6
3.Bf1b5 f6
4.d4 exd4
5.Nf3xd4 Nc6xd4
6.Qd1xd4 c6
7.Bb5a4 Qd8a5
8.Nb1c3 Qa5c5
9.Qd4xc5 Bf8xc5
10.O-O Ng8e7
11.Bc1e3 O-O
12.Be3xc5 Rf8e8
13.Bc5xe7 Re8xe7
14.Rf1e1 Kf8
15.f4 b5
16.Ba4b3 a5
17.a4 b4
18.Nc3d1 Bc8a6
19.Nd1f2 h6
20.e5 fxe5
21.fxe5 Re7e6
22.Bb3xe6 dxe6
23.Nf2e4 { resign }
1-0

[Event "Tourn. n9770"]
[Site "www.chess-mail.com"]
[Date "2018.05.21"]
[Round "1"]
[White "Tartan"]
[Black "Aperturaf"]
[WhiteElo "2520"]
[BlackElo "2730"]
[Result "1/2-1/2"]
[Round "1"]
1.d4 e6
2.c4 d5
3.cxd5 exd5
4.Nb1c3 Ng8f6
5.Bc1g5 c6
6.e3 Bf8e7
7.Bf1d3 Nb8d7
8.Ng1f3 O-O
9.O-O Rf8e8
10.Qd1c2 Nd7f8
11.a3 a5
12.Ra1b1 Nf6e4
13.Bg5xe7 Qd8xe7
14.b4 axb4
15.axb4 Ne4xc3
16.Qc2xc3 Bc8g4
17.Nf3e5 Bg4h5
18.Bd3c2 Nf8e6
19.Rb1a1 f6
20.Ne5d3 Ne6c7
21.Nd3f4 Bh5f7
22.Qc3d3 g6
23.Qd3b3 g5
24.Qb3d3 gxf4
25.Qd3xh7 Kf8
{ draw }
1/2-1/2

[Event "Tourn. n9797"]
[Site "www.chess-mail.com"]
[Date "2018.05.21"]
[Round "1"]
[White "Osopanda"]
[Black "Jjmcbride"]
[WhiteElo "1870"]
[BlackElo "1730"]
[Result "1-0"]
[Round "1"]
1.e4 e5
2.Ng1f3 d6
3.d4 f6
4.dxe5 fxe5
5.Bf1c4 h6
6.O-O Ng8f6
7.Nb1c3 a6
8.a4 b6
9.Qd1e2 c6
10.Bc4b3 d5
11.exd5 Bf8d6
12.dxc6 Nb8xc6
{ time. }
1-0

[Event "Tourn. n9782"]
[Site "www.chess-mail.com"]
[Date "2018.05.21"]
[Round "1"]
[White "Julian"]
[Black "Cal"]
[WhiteElo "1870"]
[BlackElo "1630"]
[Result "1-0"]
[Round "1"]
1.e4 e5
2.Ng1f3 d6
3.d4 exd4
4.Nf3xd4 h6
5.Bf1c4 Nb8c6
6.Bc1e3 Ng8f6
7.Nb1c3 Nc6e5
8.Bc4b3 a6
9.f3 Bc8d7
10.O-O c6
11.Qd1d2 Bf8e7
12.Ra1d1 O-O
13.Nc3e2 b6
14.c3 c5
15.Nd4f5 Bd7xf5
16.exf5 Qd8d7
17.Ne2f4 Qd7xf5
18.Bb3c2 Qf5g5
19.Nf4d5 Ne5c4
20.Be3xg5 Ra8a7
21.Nd5xe7 Ra7xe7
22.Bg5xf6 gxf6
23.Qd2xh6 Nc4xb2
24.Rd1xd6 Nb2c4
25.Qh6h7 { resign }
1-0

[Event "Tourn. n9743"]
[Site "www.chess-mail.com"]
[Date "2018.05.21"]
[Round "1"]
[White "Passaroa25"]
[Black "Gegonz"]
[WhiteElo "1660"]
[BlackElo "1610"]
[Result "0-1"]
[Round "1"]
1.Nb1c3 c5
2.e4 Nb8c6
3.d3 g6
4.Ng1f3 Bf8g7
5.Bc1d2 Ng8f6
6.Bf1e2 O-O
7.Bd2e3 d6
8.O-O Bc8d7
9.Nc3d5 Nf6xd5
10.exd5 Nc6b4
11.c3 Nb4xd5
12.Qd1d2 Nd5xe3
13.Qd2xe3 e6
14.Ra1c1 Ra8c8
15.b3 Qd8a5
16.a4 Bg7xc3
17.Rc1xc3 Qa5xc3
18.Nf3d2 b5
19.axb5 Bd7xb5
20.g3 Bb5c6
21.f3 Kg7
22.Rf1b1 d5
23.Be2d1 e5
24.Bd1c2 Qc3xc2
25.Qe3xe5 f6
26.Qe5e7 Rf8f7
27.Qe7e2 Rc8e8
28.Rb1c1 Qc2xc1
29.Qe2f1 Qc1xf1
30.Kxf1 Rf7e7
31.Kg2 Re7e2
32.Kh3 Re2xd2
{ resign }
0-1

[Event "Match"]
[Site "www.echecsemail.com"]
[Date "2018.05.21"]
[Round "1"]
[White "Jesmantiz"]
[Black "Juheset"]
[WhiteElo "2210"]
[BlackElo "2059"]
[Result "1-0"]
[Round "1"]
1.d4 d5
2.e3 Ng8f6
3.Bf1d3 Bc8d7
4.Nb1d2 e6
5.a3 Bf8d6
6.f4 Nb8c6
7.Ng1f3 Nf6g4
8.Qd1e2 f5
9.Nf3e5 Nc6xe5
10.fxe5 Bd6e7
11.Nd2f3 c6
12.O-O a6
13.h3 Ng4h6
14.c4 dxc4
15.Bd3xc4 g5
16.Nf3h2 b5
17.Qe2h5 Nh6f7
18.Bc4b3 h6
19.Rf1xf5 { resign }
1-0

[Event "Tourn. n9826"]
[Site "www.echecsemail.com"]
[Date "2018.05.21"]
[Round "1"]
[White "Libiesse"]
[Black "Cristiano"]
[WhiteElo "1920"]
[BlackElo "1820"]
[Result "0-1"]
[Round "1"]
1.d4 d6
2.c4 Ng8f6
3.Ng1f3 g6
4.Nb1c3 Bf8g7
5.e4 O-O
6.Bf1e2 Nb8d7
7.O-O e5
8.d5 Nd7c5
9.Bc1g5 a6
10.b4 Nc5d7
11.Nf3d2 Qd8e8
12.Bg5xf6 Nd7xf6
13.f4 exf4
14.Rf1xf4 Qe8e5
15.Rf4f3 Bc8g4
16.Rf3g3 Bg4xe2
17.Qd1xe2 Nf6h5
18.Rg3e3 Nh5f4
19.Qe2f3 Bg7h6
20.Qf3g3 Qe5xc3
{ resign }
0-1

[Event "Match"]
[Site "www.echecsemail.com"]
[Date "2018.05.21"]
[Round "1"]
[White "Fangshuo"]
[Black "Juheset"]
[WhiteElo "2100"]
[BlackElo "2010"]
[Result "1-0"]
[Round "1"]
1.e4 d5
2.exd5 Ng8f6
3.Bf1c4 Nf6xd5
4.Qd1f3 e6
5.Ng1h3 Bf8e7
6.Bc4xd5 exd5
7.Nb1c3 Bc8e6
8.Nh3f4 c6
9.Nf4xe6 fxe6
10.O-O Qd8c7
11.d3 Be7d6
12.g3 Nb8d7
13.d4 O-O-O
14.a3 Rd8f8
15.Qf3g4 e5
16.Qg4xg7 exd4
17.Qg7xd4 Bd6c5
18.Qd4g4 Kb8
19.b4 Bc5d6
20.Kg2 Rf8g8
21.Qg4h4 Nd7e5
22.b5 Ne5g6
23.Qh4a4 Qc7b6
24.Ra1b1 d4
25.bxc6 Qb6xc6
26.Qa4xc6 { resign }
1-0

[Event "Tourn. n9800"]
[Site "www.echecsemail.com"]
[Date "2018.05.21"]
[Round "1"]
[White "Pdebonis"]
[Black "Szustan"]
[WhiteElo "2690"]
[BlackElo "2640"]
[Result "1/2-1/2"]
[Round "1"]
1.e4 e5
2.Ng1f3 Nb8c6
3.Nb1c3 Ng8f6
4.d4 exd4
5.Nc3d5 Bf8e7
6.Nf3xd4 Nf6xd5
7.exd5 Nc6xd4
8.Qd1xd4 O-O
9.Bf1e2 Be7f6
10.Qd4d1 d6
11.O-O Bc8f5
12.Be2d3 Qd8d7
13.Bc1e3 Ra8e8
14.c4 Re8e7
15.Bd3xf5 Qd7xf5
16.Qd1d2 { draw }
1/2-1/2

[Event "Tourn. n9749"]
[Site "www.chess-mail.com"]
[Date "2018.05.22"]
[Round "1"]
[White "Picifarkinca"]
[Black "Falcoale"]
[WhiteElo "1750"]
[BlackElo "1860"]
[Result "0-1"]
[Round "1"]
1.e4 c5
2.Nb1c3 Nb8c6
3.g3 e6
4.Bf1g2 b6
5.e5 Bc8b7
6.Ng1f3 Nc6d4
7.O-O Nd4xf3
8.Bg2xf3 Bb7xf3
9.Qd1xf3 Ng8e7
10.Nc3b5 Ne7f5
11.Nb5c7 Qd8xc7
12.Qf3xa8 Ke7
13.Qa8e4 Nf5d4
14.c3 Nd4c6
15.Rf1e1 g6
16.d3 Bf8g7
17.f4 Rh8d8
18.Bc1e3 f6
19.d4 f5
20.Qe4g2 cxd4
21.cxd4 Nc6b4
22.Re1c1 Qc7b8
23.Qg2d2 Nb4d5
24.Be3f2 Kf7
25.h4 Bg7f8
26.a3 Bf8h6
27.Rc1c2 d6
28.Ra1e1 dxe5
29.Re1xe5 Nd5f6
30.Qd2e2 Nf6g4
31.Re5xe6 Bh6f8
32.Qe2c4 Kg7
33.Bf2e1 Rd8e8
34.Qc4c7 Kg8
 { time }
0-1

[Event "Tourn. n9743"]
[Site "www.chess-mail.com"]
[Date "2018.05.22"]
[Round "1"]
[White "Cal"]
[Black "Gegonz"]
[WhiteElo "1530"]
[BlackElo "1610"]
[Result "0-1"]
[Round "1"]
1.Nb1c3 g6
2.e4 Bf8g7
3.d4 d6
4.h3 Ng8f6
5.Bc1g5 O-O
6.Bf1c4 Nf6xe4
7.Nc3xe4 d5
8.Bc4b3 dxe4
9.c3 Nb8c6
10.Ng1e2 h6
11.Bg5h4 g5
12.Bh4g3 e5
13.O-O exd4
14.cxd4 Nc6xd4
15.Qd1e1 Nd4xb3
16.axb3 Bg7xb2
17.Ra1d1 Qd8e7
18.Bg3h2 Bb2e5
19.g3 Bc8xh3
20.Ne2c1 Bh3xf1
21.Qe1xf1 Ra8d8
22.Rd1e1 f5
23.f3 Qe7c5
24.Kg2 Rd8d2
25.Nc1e2 Qc5c6
26.Qf1f2 exf3
27.Qf2xf3 Qc6xf3
28.Kxf3 Rd2d3
29.Kg2 Rd3xb3
30.Bh2g1 a5
31.Bg1c5 Rf8d8
32.Bc5e7 Rd8d2
33.Be7c5 Rb3xg3
34.Kf2 f4
35.Kf1 Rg3f3
36.Kg2 Rf3c3
37.Kf2 Rc3xc5
38.Kf1 Rc5c2
39.Kf2 Rd2xe2
40.Re1xe2 Rc2xe2
41.Kxe2 a4
{ resign }
0-1

[Event "Tourn. n9838"]
[Site "www.echecsemail.com"]
[Date "2018.05.22"]
[Round "1"]
[White "Fantomas"]
[Black "Bojan"]
[WhiteElo "2100"]
[BlackElo "2010"]
[Result "1-0"]
[Round "1"]
1.e4 g5
2.d4 h6
3.Bf1e2 Bf8g7
4.Bc1e3 c5
5.c3 cxd4
6.cxd4 d5
7.e5 Bc8d7
8.Be2h5 Qd8b6
9.Qd1d2 Nb8c6
10.Ng1e2 e6
11.O-O Nc6e7
12.Ne2g3 Kf8
13.Nb1c3 f6
14.f4 Ne7f5
15.Ng3xf5 exf5
16.Nc3xd5 Qb6d8
17.exf6 Bg7xf6
18.Qd2b4 Ng8e7
19.Nd5xf6 { resign }
1-0

[Event "Match"]
[Site "www.echecsemail.com"]
[Date "2018.05.22"]
[Round "1"]
[White "Bjonil60"]
[Black "Guillaumefi"]
[WhiteElo "1540"]
[BlackElo "1399"]
[Result "0-1"]
[Round "1"]
1.d4 Ng8f6
2.e3 g6
3.Qd1e2 d5
4.Nb1c3 Bc8d7
5.h3 Bf8g7
6.f3 a6
7.a3 O-O
8.b3 Rf8e8
9.b4 b5
10.e4 Nb8c6
11.g3 Nc6xd4
12.Qe2d3 Nf6h5
13.Ng1e2 Nd4xe2
14.Bf1xe2 Nh5xg3
15.Rh1h2 dxe4
16.fxe4 Ng3xe2
17.Rh2xe2 f5
18.e5 Bd7e6
19.Qd3e3 Qd8d7
20.Bc1b2 Re8f8
21.Re2d2 Qd7c6
22.Rd2e2 Ra8d8
23.Qe3g5 Qc6h1
24.Kf2 Qh1xh3
25.Ra1g1 Rf8f7
26.Re2e3 Rd8d2
27.Re3e2 Rd2xe2
28.Nc3xe2 Qh3h6
29.Qg5g2 Qh6d2
30.Rg1c1 Be6c4
31.Kf1 Bc4xe2
32.Kg1 Qd2e3
33.Kh1 Be2f3
34.Qg2xf3 Qe3xf3
35.Kh2 Qf3f4
36.Kg1 Bg7xe5
37.Bb2xe5 Qf4xc1
38.Kg2 Qc1xc2
39.Kf1 Qc2c1
40.Kg2 Qc1xa3
41.Be5xc7 e6
42.Bc7d6 Rf7d7
43.Bd6c5 Rd7d2
44.Kg1 Qa3c1

0-1

[Event "Match"]
[Site "www.echecsemail.com"]
[Date "2018.05.22"]
[Round "1"]
[White "Micheles"]
[Black "Trusivka"]
[WhiteElo "2630"]
[BlackElo "1499"]
[Result "1-0"]
[Round "1"]
1.d4 e6
2.Ng1f3 f5
3.Bc1g5 Bf8e7
4.Bg5xe7 Qd8xe7
5.Nb1d2 e5
6.Nf3xe5 d6
7.Ne5f3 Ng8f6
8.e3 Bc8e6
9.Bf1d3 g6
10.c4 c5
11.O-O Rh8f8
12.d5 Be6xd5
13.cxd5 Nf6xd5
14.Qd1b3 Nd5f6
15.e4 Nf6xe4
16.Nd2xe4 Nb8c6
17.Ne4xc5 dxc5
18.Ra1e1 Nc6e5
19.Re1xe5 Ra8d8
20.Bd3b5 Rd8d7
21.Bb5xd7 Kxd7
22.Qb3xb7 Ke8
23.Qb7xe7 { resign }
1-0

[Event "Match"]
[Site "www.echecsemail.com"]
[Date "2018.05.22"]
[Round "1"]
[White "Dussek"]
[Black "Tonino1"]
[WhiteElo "1810"]
[BlackElo "1950"]
[Result "0-1"]
[Round "1"]
1.c4 Ng8f6
2.Nb1c3 g6
3.Ng1f3 Bf8g7
4.d4 O-O
5.e4 d6
6.Bf1e2 e5
7.d5 a5
8.O-O Nb8d7
9.Bc1g5 h6
10.Bg5h4 Nd7c5
11.h3 g5
12.Bh4g3 Nf6h5
13.Bg3h2 Nh5f4
14.Qd1c2 Nf4xe2
15.Qc2xe2 f5
16.Rf1e1 f4
17.Kh1 h5
18.Nf3d2 g4
19.h4 Qd8xh4
20.g3 fxg3
21.fxg3 Qh4h3
22.Qe2g2 Bc8d7
23.Qg2xh3 gxh3
24.Re1f1 Nc5d3
25.b3 Nd3f2
26.Kg1 Nf2g4
27.Nd2f3 Bg7h6
28.Ra1e1 Bh6e3
29.Kh1 Ng4f2
30.Rf1xf2 Be3xf2
31.Re1e2 Rf8xf3
32.Nc3d1 Bf2d4
33.Re2e1 Ra8f8
34.Bh2g1 Rf3f1
{ resign }
0-1

[Event "Match"]
[Site "www.echecsemail.com"]
[Date "2018.05.22"]
[Round "1"]
[White "Fegatux"]
[Black "Irene"]
[WhiteElo "2169"]
[BlackElo "2010"]
[Result "1-0"]
[Round "1"]
1.d4 d5
2.c4 dxc4
3.e3 e6
4.Bf1xc4 c6
5.Ng1f3 b5
6.Bc4d3 Bf8b4
7.Nb1c3 Qd8a5
8.Qd1b3 c5
9.Bd3e4 c4
10.Qb3c2 Bb4d6
11.Be4xa8 b4
12.Qc2a4 Qa5xa4
13.Nc3xa4 Bc8d7
14.b3 c3
15.O-O Ng8f6
16.Rf1e1 O-O
17.Ba8b7 a5
18.e4 Bd6c7
19.Bc1g5 Bd7b5
20.Bg5xf6 gxf6
21.e5 f5
22.Nf3g5 Rf8d8
23.Ng5f3 Nb8d7
24.d5 Rd8b8
25.Bb7c6 exd5
26.Bc6xb5 Rb8xb5
27.Nf3d4 Rb5b8
28.e6 fxe6
29.Re1xe6 Bc7e5
30.Nd4c6 c2
31.Ra1c1 Be5f4
32.Rc1xc2 Rb8b5
33.Nc6d4 Rb5b8
34.g3 Bf4g5
35.f4 Bg5d8
36.Nd4c6 Rb8a8
37.Re6e8 Kf7
38.Re8xd8 Ra8xd8
39.Nc6xd8 Ke7
40.Nd8b7 Ke6
41.Na4c5 Nd7xc5
42.Nb7xc5 Kd6
43.Nc5b7 Ke6
44.Rc2c6 Kd7
45.Nb7xa5 { resign }
1-0